K niektorým záverom a perspektívam lingvistických výskumov karpatsko-dunajského regiónu

Bibliographic Details
Main Author: Berstejn, S. B. (Author)
Format: Article
Language:Slovak
PhysicalDescription:Res. rus., nem.
Subjects:

MARC

LEADER 00000nab a2200000 a 4500
001 vtls000234006
003 SK-MaSNL
005 20260304064844.0
008 250422c1985 xo 0 slo
015 |a SNBRB19rr/mm-uuuuu 
035 |a CL0244120 
035 |a urn:nbn:sk:snk-ab671 
035 |a (urnnbn)urn:nbn:sk:snk:ar-a035wy 
035 |a (uuid)b2aeb910-86b4-4624-a33e-289d12338794 
040 |a SNKBUCL  |b slo  |c SNKBUCL  |e AACR2 
041 0 |a slo 
044 |a xo  |c SK 
080 |a 808  |2 1981 
080 |a 801  |2 1981 
100 1 |a Berstejn, S. B.  |4 aut  |9 1353162 
245 1 0 |a K niektorým záverom a perspektívam lingvistických výskumov karpatsko-dunajského regiónu  |c S. B. Berstejn 
300 |b Res. rus., nem. 
650 0 7 |a slovanské jazyky  |2 snkbucl  |9 1338 
650 0 7 |a baltské jazyky  |2 SNKPH  |9 81436 
650 0 7 |a Karpaty (pohorie)  |2 snkbucl  |9 460754 
655 7 |a články z novín a časopisov  |2 snkbucl  |9 267496 
773 0 |t Slovenský národopis  |g Roč. 33, č. 4 (1985), s. 665-673 
850 |a Slovenská národná knižnica 
852 |a Slovenská národná knižnica 
954 |a odborná, vedecká literatúra pôvodná (slovenská)  |2 lita 
958 |a article27 
958 |a RK 
958 |a OND 
958 |a EUIPO 
992 |a RBX 
999 |c 2748291  |d 2750221